000 00308pab a2200145 454500
008 180718b2002 xxu||||| |||| 00| 0 eng d
100 _aAnant Kumar
245 _aMental health
260 _c2002
300 _ap.42-43,49
362 _aMar
650 _aMental health
773 _aYojana
909 _a51423
999 _c51423
_d51423